00459nam a2200157Ia 4500001000500000005001700005008004100022041000800063082001500071100003400086245012800120260000900248300002800257650000800285654000800293123220260306140617.0260306t1998||||xx |||||||||||||| ||spa|| aESP a189.4bR34 aRedmond O´toole, WaltereAUT 0aLa lógica en el virreinato del Perú:bA través de las obras de Juan Espinoza Medrano (1688) e Isidoro de Celis (1787) c1998 a417 páginas :c22 cm. aGEN aCHU